LEADER 01057nam a2200253 u 4500 001 000000072667 003 CaOOAMICUS 005 20070226122251.0 008 020619s1843 fr u000 u fre u 035 $a10934068 040 $aPUL(R)$bita 100 1 $aMazel, B.$0(OLS)http://pul/name/48064 245 10$aCode social /$cpar B. Mazel .. 260 $aMarseille :$bimprimerie et lithographie Jules Barile,$c1843. 300 $a139, 4 p. ;$c22 cm 650 4$aDiritto pubblico$zFrancia.$0(OLS)http://pul/subject/8831 650 4$aDiritto amministrativo$zFrancia.$0(OLS)http://pul/subject/17967 650 4$aDiritto penale$zFrancia.$0(OLS)http://pul/subject/1812 850 $aPUL 852 $aPUL$W1$xDP1 Antico 800$y27$m831 E 6$j93997$nBK-PRI$b $qStampati Antico$B94013$CPULBib$Z2$F94013 $H $81 941 1 $a15 961 $aINV: Rilegato con altre opere. 996 $6245$aCode social$9(OLS)http://pul/title/95571 996 $6260$aMarseille :$bimprimerie et lithographie Jules Barile$9(OLS)http://pul/publisher/74057 LEADER 01741nam a2200313 u 4500 001 000000076186 003 CaOOAMICUS 005 20070226123201.0 008 031112s1977 it u000 u ita u 035 $a10975899 040 $aPUL(R)$bita 041 1 $aita$hger 100 1 $aBaus, Karl,$d1904-1994.$0(OLS)http://pul/name/6701 240 10$aReichskirche nach Konstantin dem Grossen : Die Kirche von Nikaia bis Chalkedon..lItaliano.$0(OLS)http://pul/title/99934 245 12$aL'epoca dei concili :$bla formazione del dogma, il monachesimo, diffusione missionaria e cristianizzazione dell'impero (IV-V sec.) /$cdi Karl Baus, Eugen Ewig ; prefazione all'edizione italiana di Luigi I. Scipioni ; traduzione di Cesare Saletti ; aggiornamento bibliografico di Xenio Toscani. 260 $aMilano :$bJaca Book,$c1977. 300 $axxxvii, 507 p. ;$c25 cm 490 1 $aStoria della Chiesa ;$v2 490 1 $aGià e non ancora ;$v28 650 4$aChiesa$xStoria$yChiesa primitiva, ca. 30-600.$0(OLS)http://pul/subject/93 700 1 $aScipioni, Luigi I.,$d1927-$0(OLS)http://pul/name/11626 700 1 $aEwig, Eugen,$d1913-$0(OLS)http://pul/name/26880 830 0$aGià e non ancora ;$v28.$0(OLS)http://pul/title/129 830 0$aStoria della Chiesa (Jaca Book) ;$v2.$0(OLS)http://pul/title/9686 850 $aPUL 852 $aPUL$W1$xSL Cons. Gen., Altre Classi 1$y1$m1395.A$j9322$nBK-PRI$b $qStampati$B97911$CPULBib$Z2$F97911 $H44608 $81 941 1 $a8 996 $6245$aL'epoca dei concili :$bla formazione del dogma, il monachesimo, diffusione missionaria e cristianizzazione dell'impero (IV-V sec.)$9(OLS)http://pul/title/99935 996 $6260$aMilano :$bJaca Book$9(OLS)http://pul/publisher/47900